Programa de ampliación de química / redactado por Juan Bta. Vericat Raga
Descripción Física:
20 p. ; 17 cm
MARC
| LEADER | 00000nam a2200000Ia 4500 | ||
|---|---|---|---|
| 001 | 15661 | ||
| 008 | 160829s9999 xx 000 0 cat d | ||
| 080 | |a FU-39-29 | ||
| 100 | |a Vericat Raga, Juan B. |9 32499 | ||
| 245 | |a Programa de ampliación de química / redactado por Juan Bta. Vericat Raga | ||
| 260 | |a [Barcelona] : |b Escuela de Peritos Industriales de Barcelona, [1946] | ||
| 300 | |a 20 p. ; |c 17 cm | ||
| 590 | |a A la portada: Curso 1946-47 | ||
| 650 | |a Química |x Ensenyament |9 32500 | ||
| 650 | |a Química |x Compendis, programes d'estudi, etc. |9 32501 | ||
| 710 | 2 | |a Escola de Pèrits Industrials de Barcelona |9 55106 | |
| 901 | |a Arxiu | ||
| 942 | |n 1 | ||
| 952 | |0 0 |1 0 |4 0 |6 FU3929 |7 1 |9 46006 |a Arxiu |b Arxiu |d 2016-12-01 |l 0 |o FU-39-29 |p 15661 |r 2016-12-01 00:00:00 |w 2016-12-01 |y ARXIU | ||
| 999 | |c 49507 |d 49507 | ||